000 00514nam a2200169 a 4500
001 3000
005 20140414131955.0
008 060103s19uu xx 00 eng d
020 _a0-439-24173-1
050 _aTR 513.211
_bP11 2001
100 _aPallota, Jerry
245 _aThe Hershey's kisses addition book /
_cby Jerry Pallotta ; illustrated by Rob Bolster.
260 _aNew York :
_bScholastic,
_c2001.
300 _a1 v. p. ; cm.
650 _aArithmetic
_xAddition
_xJuvenile literature.
999 _c112907
_d112907